Ueber die emtio bonorum; (Record no. 37514)

MARC details
000 -LEADER
fixed length control field 00518cam a22001817 4500
001 - CONTROL NUMBER
control field ltf91026590
003 - CONTROL NUMBER IDENTIFIER
control field DLC
005 - DATE AND TIME OF LATEST TRANSACTION
control field 20260227111552.0
008 - FIXED-LENGTH DATA ELEMENTS--GENERAL INFORMATION
fixed length control field 910305s1850 gw 000 0 ger
010 ## - LIBRARY OF CONGRESS CONTROL NUMBER
LC control number ltf91026590
040 ## - CATALOGING SOURCE
Original cataloging agency DLC
Transcribing agency DLC
Modifying agency DLC
050 00 - LIBRARY OF CONGRESS CALL NUMBER
Classification number KJA2762.A77
Item number D476 1850
100 1# - MAIN ENTRY--PERSONAL NAME
Personal name Dernburg, Heinrich,
Dates associated with a name 1829-1907.
245 10 - TITLE STATEMENT
Title Ueber die emtio bonorum;
Remainder of title ein rechtshistorischer Versuch.
260 ## - PUBLICATION, DISTRIBUTION, ETC.
Place of publication, distribution, etc. Heidelberg,
Name of publisher, distributor, etc. J.C.B. Mohr,
Date of publication, distribution, etc. 1850.
300 ## - PHYSICAL DESCRIPTION
Extent 163 p.
Dimensions 22 cm.
650 #0 - SUBJECT ADDED ENTRY--TOPICAL TERM
Topical term or geographic name entry element Assignments (Roman law)

No items available.

Powered by Koha